Statistiche per Bandiere del Mondo - Europa Quiz n°1

Clicka qui per fare il quiz!

Statistiche generali

  • Questo quiz è stato fatto 271 volte
  • Il punteggio medio è 19 su 22

Statistiche sulle risposte

Risposta% Corretto
Regno Unito
99%
Italia
96%
Russia
94%
Svezia
94%
Belgio
93%
Finlandia
93%
Grecia
93%
Ucraina
93%
San Marino
88%
Romania
87%
Croazia
86%
Islanda
85%
Norvegia
85%
Serbia
85%
Estonia
84%
Bulgaria
83%
Bonsia e Erzegovina
80%
Lituania
78%
Monaco
78%
Lussemburgo
76%
Slovenia
75%
Bielorussia
73%

Distribuzione punteggi

Percentile per numero di risposta

Percentuale di utenti per punteggio

I tuoi punteggi nel tempo

Non hai fatto questo quiz